000 00804nam a2200265Ia 4500
003 OSt
005 20250619142347.0
008 220923b |||||||| |||| 00| 0 eng d
020 _a0852266038
037 _cTextual
040 _aRTL
_cRTL
_beng
041 _2eng
_aeng
084 _aB13 L2/SC
_qRTL
100 _aNiven, Ivan
_9312292
245 0 _aIntroduction to the theory of numbers.
250 _a3rd
260 _a New Delhi
_bWiley Eastern Limited
_c1972
300 _axii, 288 p.
_ccm.
_bIncludes index
650 _aMathematics- Divisibility
_9813190
650 _aMathematics- Congruences
_9813191
650 _aMathematics- Number Theory
_9813192
700 _aZuckerman, Herbert S.
_9312293
_eCo-author
942 _hB13 L2/SC
_cREF
_2CC
_n0
999 _c617238
_d617238